00556nam a2200193Ii 450000100060000000300090000600800410001502000150005604000330007104100080010408200150011210000190012724500740014626400490022030000120026933600260028133700280030733800270033511967CO-ViMGA241108s9999||||xx |||||||||||||| ||und|| a8471147661 aCO-ViMGAbspaerdacCO-ViMGA0 aspa04a339.5 L2431 aEnrique Lanuza10aPolítica Macroeconómica y Pobreza en América Latina y el Caribe 1aMadrid, España : Mundi-Prensa Libros, 1998 avolumen atextbtxt2rdacontent aunmediatedbn2rdamedia avolumebnc2rdacarrier